000 01123naa a22002897a 4500
001 BR7802672
003 BR-BrBNA
005 20240918174054.0
007 ta
008 230509b bl.||||| |||| 00| 0 por d
040 _aBR-BrBNA
_bpor
_cBiblioteca Nacional de Agricultura
041 _a(Pt)
072 _aF30
_b0336
_bG514
090 _aF30 BR7802672
100 1 _aVelloso, J.A.R. de O.
100 1 _aTonello, J.P.
111 1 _a5. Reuniao Conjunta de Pesquisa de Soja da Regiao Sul
_cPelotas, RS (Brazil)
_d1 Aug 1977
245 1 _aCriacao de cultivares de soja [Rio Grande do Sul, Brasil]
260 3 _aPasso Fundo, RS (Brasil):
_c1977.
500 _aResultados de pesquisa em soja obtidos no Centro Nacional de Pesquisa de Trigo em 1976/77 Passo Fundo, RS (Brasil): 1977. p. 3-4 (BR7802672-AM)F30
650 _aGENETICA VEGETAL
650 _aSOJA
650 _aRIO GRANDE DO SUL
773 0 _tResultados de pesquisa em soja obtidos no Centro Nacional de Pesquisa de Trigo em 1976/77
_wF30 BR7802672
_gPasso Fundo, RS (Brasil), 1977. p. 3-4
909 _a202404
_bLucia
_c55
_dLucia Elande
942 _cAM
_2AGRIS
999 _c308738
_d308738